Updating your survey system (Record no. 71766)

MARC details
000 -LEADER
fixed length control field 00976cam a2200205 4500
001 - CONTROL NUMBER
control field ABS66214
008 - FIXED-LENGTH DATA ELEMENTS--GENERAL INFORMATION
fixed length control field 021216n2002 000 0 eng u
035 ## - SYSTEM CONTROL NUMBER
System control number (Sirsi) u120777
100 ## - MAIN ENTRY--PERSONAL NAME
Personal name MacLaughlin, S
245 ## - TITLE STATEMENT
Title Updating your survey system
260 ## - PUBLICATION, DISTRIBUTION, ETC.
Date of publication, distribution, etc. 2002
490 ## - SERIES STATEMENT
Series statement Civil Engineering Surveyor
Volume/sequential designation November 2002, 22-25(4)
520 ## - SUMMARY, ETC.
Summary, etc. Reviews reasons for updating a survey system, using a question and answer format. Concludes that most the common question is when to replace an existing tried and tested solution with an updated or altogether new solution based on newer technology. Suggests caution as software license costs may be least expensive aspect of replacing a working system. Also advises careful management, and accounting of staff time costs when pricing alternatives.
590 ## - LOCAL NOTE (RLIN)
Local note ABS
650 ## - SUBJECT ADDED ENTRY--TOPICAL TERM
Topical term or geographic name entry element SOFTWARE
650 ## - SUBJECT ADDED ENTRY--TOPICAL TERM
Topical term or geographic name entry element DATA COLLECTION
650 ## - SUBJECT ADDED ENTRY--TOPICAL TERM
Topical term or geographic name entry element SURVEYING TECHNOLOGY
690 ## - LOCAL SUBJECT ADDED ENTRY--TOPICAL TERM (OCLC, RLIN)
Topical term or geographic name as entry element BUILT ENVIRONMENT-BUILDING INSPECTION
942 ## - ADDED ENTRY ELEMENTS (KOHA)
Suppress in OPAC 0
Holdings
Withdrawn status Lost status Source of classification or shelving scheme Damaged status Not for loan Home library Current library Shelving location Date acquired Total Checkouts Full call number Barcode Date last seen Copy number Price effective from Koha item type
    Dewey Decimal Classification     London London Journal article 16/12/2002   ABS66214 120777-1001 06/08/2019 1 06/08/2019 Journal article